| 000 | 00931cab a2200277 4500 | ||
|---|---|---|---|
| 001 | ABS52954 | ||
| 008 | 090401t1995 xxu||||| |||| 00| 0 eng d | ||
| 035 | _a(Sirsi) u1073 | ||
| 041 | _aeng | ||
| 100 | _aFrench, N. | ||
| 245 | _aAllowing for rental incentives: capital value implications | ||
| 260 | _c1995 | ||
| 350 | _a0 | ||
| 490 |
_aProperty Review _v5(4) May 1995, 119-122(4) |
||
| 520 | _aArgues that a discounted cash flow valuation is more appropriate for valuing properties in the current market conditions as it allows the valuer to estimate the future cash flow and discount it accordingly to achieve the capital value. | ||
| 650 | _aCAPITAL VALUES | ||
| 650 | _aDECAPITALISATION | ||
| 650 | _aDISCOUNTED CASH FLOW | ||
| 650 | _aLEASE INCENTIVES | ||
| 650 | _aRENTAL VALUE | ||
| 650 | _aVALUATION METHODS | ||
| 690 | _aRATING AND VALUATION | ||
| 700 | _aWard, C. | ||
| 942 | _n0 | ||
| 948 | _c04/03/1997 | ||
| 999 |
_c589 _d589 |
||